La sombra vencida : (Record no. 195517)
[ view plain ]
| 000 -LEADER | |
|---|---|
| campo de control de longitud fija | 01465nam a2200385 i 4500 |
| 001 - NÚMERO DE CONTROL | |
| campo de control | 195517 |
| 003 - IDENTIFICADOR DE NÚMERO DE CONTROL | |
| campo de control | SpMaBN |
| 005 - FECHA Y HORA DE LA ÚLTIMA TRANSACCIÓN | |
| campo de control | 20241017063058.0 |
| 007 - CAMPO FIJO DE DESCRIPCIÓN FÍSICA--INFORMACIÓN GENERAL | |
| campo de control de longitud fija | ta |
| 008 - DATOS DE LONGITUD FIJA--INFORMACIÓN GENERAL | |
| campo de control de longitud fija | 090113s1987 sp | |||| 010 0 spa |
| 035 ## - NÚMERO DE CONTROL DEL SISTEMA | |
| Número de control de sistema | (OCoLC)733660820 |
| 035 ## - NÚMERO DE CONTROL DEL SISTEMA | |
| Número de control de sistema | a4409108 |
| 040 ## - FUENTE DE CATALOGACIÓN | |
| Centro catalogador/agencia de origen | SpMaBN |
| Lengua de catalogación | spa |
| Centro/agencia transcriptor | SpMaBN |
| Normas de descripción | rdc |
| Centro/agencia modificador | ES-MaACL |
| 080 ## - NÚMERO DE LA CLASIFICACIÓN DECIMAL UNIVERSAL | |
| Número de la Clasificación Decimal Universal | 821.134.2 Hernández, Miguel 1.07(082.2) |
| 245 03 - MENCIÓN DEL TÍTULO | |
| Título | La sombra vencida : |
| Resto del título | Miguel Hernández, encuentro con el poeta / |
| Mención de responsabilidad, etc. | [colaboran], José Carlos Rovira ... [et al.] |
| 260 ## - PUBLICACIÓN, DISTRIBUCIÓN, ETC. | |
| Lugar de publicación, distribución, etc. | [Orihuela : |
| Nombre del editor, distribuidor, etc. | Círculo Uno,Taller de Cultura : |
| -- | Empireuma, |
| Fecha de publicación, distribución, etc. | 1987]. |
| 300 ## - DESCRIPCIÓN FÍSICA | |
| Extensión | 49 p. ; |
| Dimensiones | 24 cm |
| 336 ## - TIPO DE CONTENIDO | |
| Fuente | rdacontent |
| Término de tipo de contenido | texto |
| 337 ## - TIPO DE MEDIO | |
| Fuente | rdamedia |
| Nombre/término del tipo de medio | sin mediación |
| 338 ## - TIPO DE SOPORTE | |
| Fuente | rdacarrier |
| Nombre/término del tipo de soporte | volumen |
| 490 1# - MENCIÓN DE SERIE | |
| Mención de serie | Empireuma (Orihuela) |
| 504 ## - NOTA DE BIBLIOGRAFÍA, ETC. | |
| Nota de bibliografía, etc. | Incluye referencias bibliográficas. |
| 594 ## - NOTA AL TITULO Y MENCION DE RESPONSABILIDAD | |
| Nota al título y mención de responsabilidad | Título tomado de la cubierta |
| 600 14 - PUNTO DE ACCESO ADICIONAL DE MATERIA--NOMBRE DE PERSONA | |
| Nombre de persona | Hernández, Miguel, |
| Fechas asociadas al nombre | 1910-1942- |
| Subdivisión de forma | Homenajes |
| Fuente del encabezamiento o término | embne |
| 9 (RLIN) | 62848 |
| 700 0# - ENTRADA AGREGADA--NOMBRE PERSONAL | |
| Nombre de persona | Rovira, José Carlos, |
| 9 (RLIN) | 100129 |
| Fechas asociadas al nombre | 1949- |
| Término indicativo de función/relación | Colaborador |
| 710 2# - ENTRADA AGREGADA--NOMBRE DE ENTIDAD CORPORATIVA | |
| Nombre de entidad corporativa o nombre de jurisdicción como elemento de entrada | Círculo Uno, Taller de Cultura |
| 9 (RLIN) | 237127 |
| 730 0# - ASIENTO SECUNDARIO--TITULO UNIFORME | |
| Título uniforme | Empireuma (Orihuela) |
| 9 (RLIN) | 237128 |
| 830 ## - PUNTO DE ACCESO ADICIONAL DE SERIE-TÍTULO UNIFORME | |
| Título uniforme | Empireuma (Orihuela) |
| 9 (RLIN) | 237128 |
| 852 ## - LOCALIZACIÓN | |
| Ubicación | ES-MaACL |
| Ubicación en estantería | Depósito folletos |
| Número de control de estantería | FOLL-BUE-53 |
| Donativo/Legado | Legado: Antonio Buero Vallejo |
| itemnumber | 203727 |
| 903 ## - NOMBRE PERSONAL DE DONANTE | |
| 9 | 32421 |
| a | Buero Vallejo, Antonio, |
| q | 1 |
| d | 1916-2000 |
| e | Donante |
| 942 ## - ELEMENTOS DE ENTRADA SECUNDARIOS (KOHA) | |
| Suprimir en OPAC | No |
| Tipo de ítem Koha | Folleto |
| Estatus retirado | Estado de pérdida | Fuente del sistema de clasificación o colocación | Estado de daño | No para préstamo | Colección | Biblioteca de origen | Biblioteca actual | Ubicación en estantería | Fecha de adquisición | Fuente de adquisición | Total de préstamos | Signatura topográfica completa | Código de barras | Visto por última vez | Precio de reemplazo | Tipo de ítem Koha |
|---|---|---|---|---|---|---|---|---|---|---|---|---|---|---|---|---|
| Clasificación decimal universal | Colección de folletos | Biblioteca del Ateneo de Madrid | Biblioteca del Ateneo de Madrid | Depósito folletos | 01/01/2019 | Legado | FOLL-BUE-53 | 101228600 | 20/06/2024 | 20/06/2024 | Folleto |
